Principios de electrotecnia /

Guardado en:
Autor Principal: Zeveke, G.V.
Formato: Libro
Idioma:Spanish
Publicado: Buenos Aires : Cartago, 1958.
Etiquetas: Agregar Etiqueta
Sin Etiquetas, Sea el primero en etiquetar este registro!
LEADER 00448nam a22001575a 4500
001 EUN.um029765
003 AR-BaUNS
005 20050623122905.0
008 041125s1958####ag#a##########000#0#spa#d
245 1 0 |a Principios de electrotecnia /  |c G.V. Zeveke. 
260 |a Buenos Aires :  |b Cartago,  |c 1958. 
300 |a 3 v. :  |b ilus. ;  |c 22,5 cm. 
100 1 |a Zeveke, G.V. 
082 0 4 |a 537 
082 0 4 |a 621.3 
859 |a Ar-BaUNS  |b BIB. CENTRAL - Sector A  |h 537  |i Z61  |p 3282/959  |v 3